000 02076cam a22005054i 4500
003 PE-LiUPU
005 20250731173420.0
008 150706s r 000 0 d
020 _a9780829752083
035 _a(Sirsi) i9780829752083
040 _aPE-LiUPU
_bspa
_cPE-LiUPU
_erda
049 _aPRUA
082 0 4 _a259.2
_bR4
_221
245 0 1 _aReuniones creativas lecciones bíblicas e ideas de adoración :
_bpara refrescar tu ministerio /
_ceditado por Silvia Himitian.
264 1 _aMiami, Florida :
_bEditorial Vida,
_c2008.
300 _a178 páginas :
_bilustraciones ;
_c28 cm.
336 _atext
_2rdacontent
337 _aunmediated
_2rdamedia
338 _avolume
_2rdacarrier
490 0 _aBiblioteca de Ideas
505 0 _aMétodos de estudio bíblico -- Lecciones bíblicas creativas -- Lecciones completas -- Ideas para sesiones múltiples -- Lecciones temáticas -- Juegos bíblicos -- Juegos de mesa -- Invitados especiales -- Proyectos especiales -- Adoración -- Servicios de adoración -- Comunión -- Lecturas corales -- Otras ideas de adoración.
526 _aSEG42
526 _aSEG41
526 _aSEG40
526 _aSEG39
526 _aP94
526 _aP87
526 _aP86
526 _aP85
526 _aP77
526 _aP76
526 _aP35
541 _g001-0000583;
630 _aBiblia
_xEstudio y enseñanza.
650 0 4 _aTrabajo de iglesia con jóvenes.
650 0 4 _aAdoración (educación religiosa).
700 1 _aHimitian, Silvia,
_eed.
700 1 _aObando Rojas, Esteban,
_etr.
910 _agl
_bjv
_cng
_d20120610
942 _2ddc
_cBOOK
949 _a259.2 R4
_wDEWEY
_c1
_i64912
_lCCODEBUL1
_mBUL
_p13.00
_r0
_sY
_tBOOK
_u2015-7-6
_xTEOLOGIA
_PP35
_o.STAFF. Colección General
994 _aC0
_bPEPRU
596 _a1
999 _a259.2 R4
_wDEWEY
_c53622
_i64912
_d53622
_e2018-4-23
_f2021-11-10
_g5
_lCCODEBUL1
_mBUL
_n1
_p13.00
_q1
_r0
_sY
_tBOOK
_u2015-7-6
_xTEOLOGIA
_PP35
_0COMPRA
_o.STAFF. Colección General
980 _81
_gALBERTO SANCHEZ Responsable de Automatización